000
00292pam a2200133 a 4500
020
_c
041
_a
eng
082
_b
BHA
100
_a
Manisha Bharambhe .
245
_a
Operarting System
_h
Textual Documents
260
_a
Pune
_b
Nirali Prakashan
_c
2022
300
_a
5.44p.
930
_a
18347
999
_c
95247
_d
95247